[Event "World Senior chT-50 2019"]
[Site "Rhodes"]
[Date "2019.04.21"]
[Round "6.6"]
[White "Minasian, Artashes"]
[Black "Arkell, Keith C"]
[Result "1/2-1/2"]
[WhiteElo "2472"]
[BlackElo "2467"]
[Annotator "ChessBase"]
[PlyCount "93"]
[EventDate "2019.04.16"]
[EventType "team-tourn"]
[EventCountry "GRE"]
[SourceTitle "playchess.com"]
[Source "ChessBase"]
[SourceQuality "1"]
[WhiteTeam "Armenia"]
[BlackTeam "England"]
[WhiteTeamCountry "ARM"]
[BlackTeamCountry "ENG"]
[TimeControl "40/5400+30:1800+30"]

1. e4 {[%emt 0:00:00]} e6 {[%emt 0:00:18]} 2. d3 {[%emt 0:02:36]} d5 {[%emt 0:00:57]} 3. Nd2 {[%emt 0:00:06]} c5 {[%emt 0:01:31]} 4. Ngf3 {[%emt 0:00:06]} Nc6 {[%emt 0:00:06]} 5. g3 {[%emt 0:00:04]} g6 {[%emt 0:02:15]} 6. Bg2 {[%emt 0:00:56]} Bg7 {[%emt 0:00:06]} 7. O-O {[%emt 0:02:29]} Nge7 {[%emt 0:02:28]} 8. Re1 {[%emt 0:02:37]} f6 {[%emt 0:06:27]} 9. exd5 {[%emt 0:02:56]} exd5 {[%emt 0:03:26]} 10. d4 {[%emt 0:04:01]} c4 {[%emt 0:00:20]} 11. b3 {[%emt 0:01:04]} cxb3 {[%emt 0:04:20]} 12. axb3 {[%emt 0:00:26]} O-O {[%emt 0:00:06]} 13. Ba3 {[%emt 0:06:41]} Re8 {[%emt 0:00:15]} 14. c4 {[%emt 0:00:05]} Bg4 {[%emt 0:07:27]} 15. h3 {[%emt 0:05:18]} Bxf3 {[%emt 0:00:08]} 16. Nxf3 {[%emt 0:01:20]} Qd7 {[%emt 0:00:15]} 17. Qd2 {[%emt 0:16:43]} Rad8 {[%emt 0:04:41]} 18. c5 {[%emt 0:16:43]} Nf5 {[%emt 0:03:04]} 19. g4 {[%emt 0:02:18]} Bh6 {[%emt 0:01:01]} 20. Qd3 {[%emt 0:05:06]} Ng7 {[%emt 0:00:41]} 21. b4 {[%emt 0:00:35]} a6 {[%emt 0:01:49]} 22. b5 {[%emt 0:00:22]} axb5 {[%emt 0:01:03]} 23. Qxb5 {[%emt 0:00:08]} Rxe1+ {[%emt 0:04:42]} 24. Rxe1 {[%emt 0:00:17]} Ne6 {[%emt 0:01:03]} 25. Bb2 {[%emt 0:01:05]} Nf4 {[%emt 0:05:58]} 26. Bf1 {[%emt 0:01:14]} Ne6 {[%emt 0:14:40]} 27. Bc3 {[%emt 0:01:14]} Re8 {[%emt 0:00:40]} 28. Rb1 {[%emt 0:01:30]} Re7 {[%emt 0:00:07]} 29. Qb3 {[%emt 0:00:26]} Bg7 {[%emt 0:06:22]} 30. Qd1 {[%emt 0:04:34]} h5 {[%emt 0:03:28]} 31. gxh5 {[%emt 0:06:50]} Nf4 {[%emt 0:00:20]} 32. Kh2 {[%emt 0:00:50]} Nxh5 {[%emt 0:13:32]} 33. Bd2 {[%emt 0:03:11]} Kh7 {[%emt 0:05:56]} 34. Bd3 {[%emt 0:06:32]} Qc7+ {[%emt 0:01:01]} 35. Kh1 {[%emt 0:00:14]} Nf4 {[%emt 0:00:49]} 36. Qf1 {[%emt 0:00:29]} Bh6 {[%emt 0:01:34]} 37. Bc2 {[%emt 0:03:45]} Qc8 {[%emt 0:03:11]} 38. Bxf4 {[%emt 0:01:25]} Bxf4 {[%emt 0:00:05]} 39. Qg2 {[%emt 0:00:47]} Qe8 {[%emt 0:03:51]} 40. Qg4 {[%emt 0:00:00]} Bh6 {[%emt 0:00:00]} 41. Rg1 {[%emt 0:08:12]} f5 {[%emt 0:03:05]} 42. Bxf5 {[%emt 0:11:35]} gxf5 {[%emt 0:00:05]} 43. Qxf5+ {[%emt 0:00:04]} Kh8 {[%emt 0:00:05]} 44. Nh4 {[%emt 0:03:50]} Re1 {[%emt 0:04:18]} 45. Qf6+ {[%emt 0:00:00]} Kh7 {[%emt 0:00:05]} 46. Qf5+ {[%emt 0:00:00]} Kh8 {[%emt 0:00:03]} 47. Qf6+ {[%emt 0:01:03]} 1/2-1/2

[Event "World Senior chT-50 2019"]
[Site "Rhodes"]
[Date "2019.04.21"]
[Round "6.7"]
[White "Emms, John M"]
[Black "Movsziszian, Karen"]
[Result "1-0"]
[WhiteElo "2474"]
[BlackElo "2485"]
[Annotator "ChessBase"]
[PlyCount "79"]
[EventDate "2019.04.16"]
[EventType "team-tourn"]
[EventCountry "GRE"]
[SourceTitle "playchess.com"]
[Source "ChessBase"]
[SourceQuality "1"]
[WhiteTeam "England"]
[BlackTeam "Armenia"]
[WhiteTeamCountry "ENG"]
[BlackTeamCountry "ARM"]
[TimeControl "40/5400+30:1800+30"]

1. e4 {[%emt 0:00:16]} d6 {[%emt 0:00:00]} 2. d4 {[%emt 0:00:16]} Nf6 {[%emt 0:00:00]} 3. Nc3 {[%emt 0:00:18]} g6 {[%emt 0:00:05]} 4. Nf3 {[%emt 0:01:19]} Bg7 {[%emt 0:00:16]} 5. Be3 {[%emt 0:00:06]} c6 {[%emt 0:00:59]} 6. Qd2 {[%emt 0:02:04]} b5 {[%emt 0:00:24]} 7. Bd3 {[%emt 0:00:44]} Bg4 {[%emt 0:02:11]} 8. Ng1 {[%emt 0:14:23]} e5 {[%emt 0:00:52]} 9. dxe5 {[%emt 0:00:37]} dxe5 {[%emt 0:00:07]} 10. h3 {[%emt 0:00:19]} Be6 {[%emt 0:01:18]} 11. Nf3 {[%emt 0:01:15]} Nbd7 {[%emt 0:00:27]} 12. Ng5 {[%emt 0:09:54]} Qe7 {[%emt 0:01:10]} 13. Nxe6 {[%emt 0:11:25]} Qxe6 {[%emt 0:00:02]} 14. a4 {[%emt 0:08:05]} b4 {[%emt 0:00:46]} 15. Nd1 {[%emt 0:00:04]} a5 {[%emt 0:02:59]} 16. O-O {[%emt 0:06:03]} O-O {[%emt 0:00:05]} 17. b3 {[%emt 0:03:45]} Qe7 {[%emt 0:09:24]} 18. Nb2 {[%emt 0:07:58]} Nc5 {[%emt 0:22:48]} 19. f3 {[%emt 0:05:24]} Rfd8 {[%emt 0:07:17]} 20. Qf2 {[%emt 0:01:40]} Ne6 {[%emt 0:10:14]} 21. Bc4 {[%emt 0:08:16]} Nd4 {[%emt 0:03:32]} 22. Rad1 {[%emt 0:01:44]} Rd7 {[%emt 0:02:14]} 23. Bxd4 {[%emt 0:02:53]} exd4 {[%emt 0:00:02]} 24. Qh4 {[%emt 0:01:52]} h6 {[%emt 0:03:40]} 25. Nd3 {[%emt 0:00:58]} g5 {[%emt 0:00:05]} 26. Qf2 {[%emt 0:00:36]} Nh5 {[%emt 0:01:59]} 27. f4 {[%emt 0:01:46]} gxf4 {[%emt 0:09:31]} 28. Nxf4 {[%emt 0:00:53]} Nf6 {[%emt 0:00:47]} 29. Rde1 {[%emt 0:01:22]} Qe5 {[%emt 0:09:06]} 30. Nd3 {[%emt 0:01:25]} Qc7 {[%emt 0:00:20]} 31. Qh4 {[%emt 0:02:10]} Nh7 {[%emt 0:00:40]} 32. e5 {[%emt 0:00:54]} Ng5 {[%emt 0:00:32]} 33. Qh5 {[%emt 0:00:38]} Re7 {[%emt 0:01:26]} 34. h4 {[%emt 0:00:54]} Nh7 {[%emt 0:00:34]} 35. Rf5 {[%emt 0:00:36]} Nf8 {[%emt 0:01:37]} 36. Ref1 {[%emt 0:00:24]} Ra7 {[%emt 0:00:02]} 37. R1f3 {[%emt 0:00:57]} Kh8 {[%emt 0:01:02]} 38. Rxf7 {[%emt 0:01:26]} Rxf7 {[%emt 0:00:15]} 39. Rxf7 {[%emt 0:00:12]} Qb6 {[%emt 0:00:13]} 40. Qf5 {[%emt 0:00:00]} 1-0

[Event "World Senior chT-50 2019"]
[Site "Rhodes"]
[Date "2019.04.21"]
[Round "6.8"]
[White "Petrosian, Arshak B"]
[Black "Plaskett, H James"]
[Result "1-0"]
[WhiteElo "2470"]
[BlackElo "2437"]
[Annotator "TA"]
[PlyCount "84"]
[EventDate "2019.04.16"]
[EventType "team-tourn"]
[EventCountry "GRE"]
[SourceTitle "playchess.com"]
[Source "ChessBase"]
[SourceQuality "1"]
[WhiteTeam "Armenia"]
[BlackTeam "England"]
[WhiteTeamCountry "ARM"]
[BlackTeamCountry "ENG"]

{[%evp 12,84,32,13,18,6,29,8,14,4,15,9,28,0,8,0,30,18,31,24,15,4,30,10,33,32,25,25,39,38,23,0,33,34,35,51,110,105,82,82,118,109,146,152,223,214,223,130,134,125,121,120,169,175,122,130,132,100,93,0,0,0,0,0,0,0,72,19,29984,29985,29993,197,29994,0,25]} 1. Nf3 Nf6 2. g3 d5 3. Bg2 c6 4. O-O Bf5 5. d3 e6 6. Nbd2 Nbd7 7. Qe1 h6 {A07: Réti Opening: New York and Capablanca Systems} 8. e4 Bh7 9. e5 Ng8 10. Qe2 Ne7 11. b3 $146 ({Predecessor:} 11. Re1 Qc7 12. Nf1 c5 13. c4 d4 14. N1d2 Nc6 15. a3 {0-1 (42) Yuffa,D (2302)-Zakhartsov,V (2578) Pardubice 2011}) 11... a5 12. a4 Nf5 13. Bb2 Bc5 14. d4 Bb6 15. c4 O-O 16. Rac1 Re8 17. Rfd1 Nb8 18. Nf1 $36 {[%mdl 2048] White has the initiative.} Na6 19. Ba3 Ba7 20. Qd2 Qb6 21. Qc3 dxc4 22. bxc4 c5 {[%cal Rc5d4]} 23. d5 Nd4 (23... Nb4 $14) 24. Nxd4 $16 cxd4 25. Qf3 {Threatens to win with c5.} Nc5 26. d6 Rab8 27. Nd2 ({Resist} 27. Rxd4 $6 Nb3 $14) 27... Nd3 {[#]} (27... Rec8 $16 {might work better.}) 28. c5 $1 $18 {[%cal Rc5b6]} Qd8 {[#]} 29. Nc4 (29. Qg4 $1 $18) 29... Nxc5 $16 30. Bxc5 Bxc5 31. Nd2 Bb6 32. Ne4 Bxe4 (32... Rf8 $18 33. Qb3 Bf5) 33. Qxe4 Qd7 34. Rc4 {Strongly threatening Rb1.} Rec8 35. Rdc1 (35. Qc2 $16) 35... Rxc4 $11 36. Rxc4 Rc8 37. Qc2 Rxc4 38. Qxc4 Kf8 (38... d3 $11) 39. Kf1 ({White should play} 39. Qb3 $16 Bd8 40. Bxb7) 39... Ba7 $2 {[%mdl 8192] [#]} (39... g5 $11) 40. Qc7 $1 {[%mdl 576] Double Attack} Qxa4 41. Qc8+ Qe8 42. Qc4 $2 (42. d7 {mates} Qxc8 43. dxc8=Q+ Ke7 44. Qxb7+ {[%mdl 64] Double Attack} Kf8 45. Qc8+ Ke7 46. Bc6 h5 47. Qe8#) 42... Kg8 {[%mdl 32768] Accuracy: White = 69%, Black = 40%. . Sensor Board Error (Ke4/e5)?} 1-0

[Event "World Senior chT-50 2019"]
[Site "Rhodes"]
[Date "2019.04.21"]
[Round "6.9"]
[White "Wallner, Joachim"]
[Black "Garcia Palermo, Carlos"]
[Result "1/2-1/2"]
[WhiteElo "2271"]
[BlackElo "2407"]
[Annotator "NA"]
[PlyCount "41"]
[EventDate "2019.04.16"]
[EventType "team-tourn"]
[EventCountry "GRE"]
[SourceTitle "playchess.com"]
[Source "ChessBase"]
[SourceQuality "1"]
[WhiteTeam "Austria"]
[BlackTeam "Italy"]
[WhiteTeamCountry "AUT"]
[BlackTeamCountry "ITA"]
[TimeControl "40/5400+30:1800+30"]

1. e4 {[%emt 0:00:00]} c6 {[%emt 0:00:18]} 2. d4 {[%emt 0:00:00]} d5 {[%emt 0:00:08]} 3. e5 {[%emt 0:00:20]} Bf5 {[%emt 0:00:07]} 4. Nd2 {[%emt 0:00:10]} e6 {[%emt 0:00:50]} 5. Nb3 {[%emt 0:00:04]} Nd7 {[%emt 0:08:23]} 6. Nf3 {[%emt 0:00:25]} Bg6 {[%emt 0:00:33]} 7. Be2 {[%emt 0:00:46]} a5 {[%emt 0:00:33]} 8. a4 {[%emt 0:00:28]} Bb4+ {[%emt 0:02:02]} 9. c3 {[%emt 0:05:51]} Be7 {[%emt 0:00:07]} 10. O-O {[%emt 0:02:00]} Nh6 {[%emt 0:00:17]} 11. Bxh6 {[%emt 0:13:35]} gxh6 {[%emt 0:00:39]} 12. Qd2 {[%emt 0:00:29]} h5 {[%emt 0:11:07]} 13. Nc1 {[%emt 0:01:11]} O-O {[%emt 0:02:12]} 14. Nd3 {[%emt 0:01:09]} b5 {[%emt 0:02:00]} 15. b3 {[%emt 0:29:10]} Kg7 {[%emt 0:04:53]} 16. Nf4 {[%emt 0:02:47]} bxa4 {[%emt 0:04:02]} 17. bxa4 {[%emt 0:00:07]} Rb8 {[%emt 0:01:05]} 18. h4 {[%emt 0:01:20]} Rb3 {[%emt 0:06:23]} 19. Ng5 {[%emt 0:02:01]} Bxg5 {[%emt 0:04:09]} 20. hxg5 {[%emt 0:00:04]} h4 {[%emt 0:01:17]} 21. Bd1 {[%emt 0:00:52]} 1/2-1/2

[Event "World Senior chT-50 2019"]
[Site "Rhodes"]
[Date "2019.04.21"]
[Round "6.10"]
[White "Mariotti, Sergio"]
[Black "Denk, Adolf"]
[Result "1/2-1/2"]
[WhiteElo "2280"]
[BlackElo "2255"]
[Annotator "NA"]
[PlyCount "31"]
[EventDate "2019.04.16"]
[EventType "team-tourn"]
[EventCountry "GRE"]
[SourceTitle "playchess.com"]
[Source "ChessBase"]
[SourceQuality "1"]
[WhiteTeam "Italy"]
[BlackTeam "Austria"]
[WhiteTeamCountry "ITA"]
[BlackTeamCountry "AUT"]
[TimeControl "40/5400+30:1800+30"]

1. d4 {[%emt 0:00:00]} Nf6 {[%emt 0:00:00]} 2. Nf3 {[%emt 0:00:00]} c5 {[%emt 0:00:15]} 3. c4 {[%emt 0:00:00]} cxd4 {[%emt 0:00:19]} 4. Nxd4 {[%emt 0:00:00]} Nc6 {[%emt 0:00:40]} 5. Nc3 {[%emt 0:01:24]} d5 {[%emt 0:07:17]} 6. cxd5 {[%emt 0:00:21]} Nxd5 {[%emt 0:00:20]} 7. Nxc6 {[%emt 0:01:56]} bxc6 {[%emt 0:00:08]} 8. Bd2 {[%emt 0:10:35]} e5 {[%emt 0:05:37]} 9. e4 {[%emt 0:09:30]} Nb6 {[%emt 0:03:39]} 10. Qc2 {[%emt 0:01:47]} Bc5 {[%emt 0:06:26]} 11. Nd1 {[%emt 0:06:02]} Qe7 {[%emt 0:11:08]} 12. Rc1 {[%emt 0:03:47]} Nd7 {[%emt 0:00:31]} 13. Be3 {[%emt 0:24:35]} Bxe3 {[%emt 0:10:58]} 14. Nxe3 {[%emt 0:00:06]} Qb4+ {[%emt 0:01:16]} 15. Qc3 {[%emt 0:00:01]} Qxe4 {[%emt 0:02:15]} 16. Qxc6 {[%emt 0:00:15]} 1/2-1/2

[Event "World Senior chT-50 2019"]
[Site "Rhodes"]
[Date "2019.04.21"]
[Round "6.11"]
[White "Druckenthaner, Andreas"]
[Black "Bellia, Fabrizio"]
[Result "1/2-1/2"]
[WhiteElo "2304"]
[BlackElo "2447"]
[Annotator "NA"]
[PlyCount "83"]
[EventDate "2019.04.16"]
[EventType "team-tourn"]
[EventCountry "GRE"]
[SourceTitle "playchess.com"]
[Source "ChessBase"]
[SourceQuality "1"]
[WhiteTeam "Austria"]
[BlackTeam "Italy"]
[WhiteTeamCountry "AUT"]
[BlackTeamCountry "ITA"]
[TimeControl "40/5400+30:1800+30"]

1. e4 {[%emt 0:00:00]} e5 {[%emt 0:00:00]} 2. Nf3 {[%emt 0:00:23]} Nc6 {[%emt 0:00:00]} 3. g3 {[%emt 0:00:07]} Nf6 {[%emt 0:01:35]} 4. d3 {[%emt 0:00:10]} Bc5 {[%emt 0:04:01]} 5. Bg2 {[%emt 0:00:12]} O-O {[%emt 0:00:10]} 6. O-O {[%emt 0:00:10]} d6 {[%emt 0:00:31]} 7. c3 {[%emt 0:03:10]} a6 {[%emt 0:01:06]} 8. Nbd2 {[%emt 0:02:06]} Ba7 {[%emt 0:00:26]} 9. Nc4 {[%emt 0:04:37]} Be6 {[%emt 0:04:31]} 10. Ne3 {[%emt 0:01:54]} h6 {[%emt 0:01:14]} 11. Nh4 {[%emt 0:12:44]} d5 {[%emt 0:08:04]} 12. Qf3 {[%emt 0:06:08]} dxe4 {[%emt 0:08:50]} 13. dxe4 {[%emt 0:00:28]} Bxe3 {[%emt 0:00:08]} 14. Qxe3 {[%emt 0:00:51]} Qd7 {[%emt 0:06:01]} 15. Qe2 {[%emt 0:14:23]} Rad8 {[%emt 0:08:31]} 16. Be3 {[%emt 0:02:25]} Qd3 {[%emt 0:01:39]} 17. Qxd3 {[%emt 0:00:54]} Rd6 {[%emt 0:00:06]} 18. Qd4 Rxd4 {[%emt 0:00:30]} 19. Rfe1 {[%emt 0:10:01]} Rd7 {[%emt 0:01:35]} 20. h3 {[%emt 0:02:39]} a5 {[%emt 0:05:28]} 21. Kh2 {[%emt 0:12:41]} Re8 {[%emt 0:04:28]} 22. Bf3 {[%emt 0:03:41]} Red8 {[%emt 0:05:37]} 23. g4 {[%emt 0:02:27]} Nh7 {[%emt 0:01:09]} 24. Nf5 {[%emt 0:02:11]} a4 {[%emt 0:07:56]} 25. Be2 {[%emt 0:01:06]} Rb8 {[%emt 0:03:11]} 26. Red1 {[%emt 0:02:32]} Rxd1 {[%emt 0:00:43]} 27. Rxd1 {[%emt 0:00:09]} b5 {[%emt 0:02:50]} 28. a3 {[%emt 0:03:04]} Nf6 {[%emt 0:00:16]} 29. f3 {[%emt 0:00:20]} h5 {[%emt 0:00:34]} 30. Kg2 {[%emt 0:01:44]} hxg4 {[%emt 0:01:13]} 31. hxg4 {[%emt 0:00:08]} g6 {[%emt 0:00:12]} 32. Bg5 {[%emt 0:02:10]} Nd7 {[%emt 0:02:05]} 33. Ne3 {[%emt 0:00:57]} f6 {[%emt 0:01:56]} 34. Bh4 {[%emt 0:00:05]} g5 {[%emt 0:01:23]} 35. Bf2 {[%emt 0:00:07]} Na5 {[%emt 0:02:06]} 36. Nd5 {[%emt 0:01:44]} Rb7 {[%emt 0:03:05]} 37. Nb4 {[%emt 0:05:51]} Kf7 {[%emt 0:01:43]} 38. Na6 {[%emt 0:00:45]} Nc4 {[%emt 0:03:10]} 39. Rxd7+ {[%emt 0:00:54]} Bxd7 {[%emt 0:00:08]} 40. Nc5 {[%emt 0:00:03]} Bc6 {[%emt 0:00:57]} 41. Nxb7 {[%emt 0:00:21]} Bxb7 {[%emt 0:00:04]} 42. Bxc4+ {[%emt 0:00:26]} 1/2-1/2

[Event "World Senior chT-50 2019"]
[Site "Rhodes"]
[Date "2019.04.21"]
[Round "6.12"]
[White "Bruno, Fabio"]
[Black "Ernst, Michael"]
[Result "1-0"]
[WhiteElo "2433"]
[BlackElo "2184"]
[Annotator "NA"]
[PlyCount "49"]
[EventDate "2019.04.16"]
[EventType "team-tourn"]
[EventCountry "GRE"]
[SourceTitle "playchess.com"]
[Source "ChessBase"]
[SourceQuality "1"]
[WhiteTeam "Italy"]
[BlackTeam "Austria"]
[WhiteTeamCountry "ITA"]
[BlackTeamCountry "AUT"]
[TimeControl "40/5400+30:1800+30"]

1. d4 {[%emt 0:00:00]} d5 {[%emt 0:00:00]} 2. c4 {[%emt 0:00:33]} e6 {[%emt 0:00:00]} 3. Nc3 {[%emt 0:00:04]} Nf6 {[%emt 0:00:00]} 4. cxd5 {[%emt 0:03:44]} Nxd5 {[%emt 0:00:00]} 5. Nf3 {[%emt 0:02:37]} c5 {[%emt 0:00:11]} 6. e3 {[%emt 0:00:08]} Nc6 {[%emt 0:01:14]} 7. Bc4 {[%emt 0:09:01]} cxd4 {[%emt 0:05:07]} 8. exd4 {[%emt 0:00:17]} Be7 {[%emt 0:02:02]} 9. O-O {[%emt 0:00:15]} O-O {[%emt 0:00:19]} 10. Re1 {[%emt 0:09:19]} Nxc3 {[%emt 0:06:43]} 11. bxc3 {[%emt 0:00:24]} b6 {[%emt 0:00:15]} 12. Bd3 {[%emt 0:00:24]} Bb7 {[%emt 0:00:43]} 13. h4 {[%emt 0:00:07]} Bxh4 {[%emt 0:08:30]} 14. Nxh4 {[%emt 0:00:04]} Qxh4 {[%emt 0:00:24]} 15. Re3 {[%emt 0:00:04]} h6 {[%emt 0:05:19]} 16. Rh3 {[%emt 0:01:46]} Qf6 {[%emt 0:03:52]} 17. Qg4 {[%emt 0:02:08]} g6 {[%emt 0:16:36]} 18. Bxh6 {[%emt 0:01:12]} Rfc8 {[%emt 0:15:22]} 19. Bg5 {[%emt 0:00:55]} Qg7 {[%emt 0:00:37]} 20. Qh4 {[%emt 0:14:29]} f5 {[%emt 0:08:13]} 21. Bf6 {[%emt 0:08:57]} g5 {[%emt 0:00:15]} 22. Rg3 {[%emt 0:06:14]} Qxf6 {[%emt 0:01:19]} 23. Rxg5+ {[%emt 0:01:49]} Qxg5 {[%emt 0:02:33]} 24. Qxg5+ {[%emt 0:00:08]} Kf7 {[%emt 0:00:23]} 25. Be2 {[%emt 0:00:43]} 1-0

[Event "World Senior chT-50 2019"]
[Site "Rhodes"]
[Date "2019.04.21"]
[Round "6.13"]
[White "Soffer, Ram"]
[Black "Grabuzova, Tatiana"]
[Result "1-0"]
[WhiteElo "2486"]
[BlackElo "2323"]
[Annotator "ChessBase"]
[PlyCount "105"]
[EventDate "2019.04.16"]
[EventType "team-tourn"]
[EventCountry "GRE"]
[SourceTitle "playchess.com"]
[Source "ChessBase"]
[SourceQuality "1"]
[WhiteTeam "Israel"]
[BlackTeam "Russia"]
[WhiteTeamCountry "ISR"]
[BlackTeamCountry "RUS"]
[TimeControl "40/5400+30:1800+30"]

1. g3 {[%emt 0:00:03]} e6 {[%emt 0:02:51]} 2. Bg2 {[%emt 0:00:42]} d5 {[%emt 0:00:06]} 3. Nf3 {[%emt 0:00:43]} c5 {[%emt 0:03:04]} 4. O-O {[%emt 0:00:27]} Nf6 {[%emt 0:00:16]} 5. c4 {[%emt 0:00:54]} Be7 {[%emt 0:01:56]} 6. cxd5 {[%emt 0:01:19]} exd5 {[%emt 0:00:10]} 7. d4 {[%emt 0:00:05]} Nc6 {[%emt 0:00:10]} 8. dxc5 {[%emt 0:03:21]} Bxc5 {[%emt 0:00:10]} 9. Bg5 {[%emt 0:00:29]} O-O {[%emt 0:00:27]} 10. Nc3 {[%emt 0:00:12]} d4 {[%emt 0:00:56]} 11. Bxf6 {[%emt 0:00:06]} Qxf6 {[%emt 0:00:06]} 12. Nd5 {[%emt 0:00:07]} Qd8 {[%emt 0:06:29]} 13. Nd2 {[%emt 0:00:10]} Re8 {[%emt 0:22:51]} 14. Rc1 {[%emt 0:00:58]} Bf8 {[%emt 0:06:31]} 15. Nb3 {[%emt 0:13:36]} Be6 {[%emt 0:01:36]} 16. Nf4 {[%emt 0:00:39]} Qb6 {[%emt 0:03:08]} 17. Bxc6 {[%emt 0:25:39]} Bxb3 {[%emt 0:04:34]} 18. Qxb3 {[%emt 0:01:57]} bxc6 {[%emt 0:15:24]} 19. Qxb6 {[%emt 0:01:59]} axb6 {[%emt 0:02:10]} 20. Rxc6 {[%emt 0:00:04]} Rxa2 {[%emt 0:00:17]} 21. Rxb6 {[%emt 0:00:09]} g5 {[%emt 0:01:06]} 22. Nd3 {[%emt 0:01:06]} Rxe2 {[%emt 0:03:03]} 23. Rd1 {[%emt 0:00:33]} Rc2 {[%emt 0:05:47]} 24. Rb5 {[%emt 0:06:28]} h6 {[%emt 0:01:21]} 25. Kg2 {[%emt 0:00:40]} Ra8 {[%emt 0:05:37]} 26. Kf3 {[%emt 0:04:51]} Bg7 {[%emt 0:00:51]} 27. Kg4 {[%emt 0:00:46]} Re8 {[%emt 0:02:39]} 28. h4 {[%emt 0:01:19]} gxh4 {[%emt 0:00:58]} 29. Kxh4 {[%emt 0:00:08]} Ree2 {[%emt 0:01:42]} 30. Kg4 {[%emt 0:00:21]} Red2 {[%emt 0:00:30]} 31. Rxd2 {[%emt 0:00:08]} Rxd2 {[%emt 0:00:03]} 32. Rb3 {[%emt 0:00:08]} Kf8 {[%emt 0:02:24]} 33. Kf5 {[%emt 0:02:11]} Ke7 {[%emt 0:00:16]} 34. g4 {[%emt 0:08:16]} Kd6 {[%emt 0:00:13]} 35. Ke4 {[%emt 0:00:16]} Re2+ {[%emt 0:00:16]} 36. Kf3 {[%emt 0:00:05]} Rd2 {[%emt 0:00:07]} 37. Rb6+ {[%emt 0:07:15]} Kc7 {[%emt 0:01:01]} 38. Rb3 {[%emt 0:00:05]} Kd6 {[%emt 0:00:04]} 39. Nf4 {[%emt 0:02:30]} Be5 {[%emt 0:01:58]} 40. Nd3 {[%emt 0:00:00]} Bg7 {[%emt 0:00:00]} 41. Ke4 {[%emt 0:02:39]} Re2+ {[%emt 0:00:25]} 42. Kf5 {[%emt 0:01:33]} Rd2 {[%emt 0:00:11]} 43. f3 {[%emt 0:05:43]} Kd5 {[%emt 0:05:03]} 44. Nf4+ {[%emt 0:00:22]} Kc4 {[%emt 0:00:05]} 45. Rb7 {[%emt 0:00:06]} d3 {[%emt 0:01:06]} 46. Rc7+ {[%emt 0:12:53]} Kb3 {[%emt 0:00:20]} 47. Ke4 {[%emt 0:00:08]} Bxb2 {[%emt 0:03:30]} 48. Nxd3 {[%emt 0:00:50]} Re2+ {[%emt 0:01:49]} 49. Kf5 {[%emt 0:04:18]} Ba3 {[%emt 0:04:12]} 50. Nc1+ {[%emt 0:02:09]} Bxc1 {[%emt 0:00:06]} 51. Rxc1 {[%emt 0:00:02]} Rh2 {[%emt 0:02:28]} 52. Rc7 {[%emt 0:00:49]} h5 {[%emt 0:00:04]} 53. g5 {[%emt 0:01:00]} 1-0

[Event "World Senior chT-50 2019"]
[Site "Rhodes"]
[Date "2019.04.21"]
[Round "6.14"]
[White "Kozlovskaya, Valentina"]
[Black "Manor, Ilan"]
[Result "0-1"]
[WhiteElo "2161"]
[BlackElo "2461"]
[Annotator "ChessBase"]
[PlyCount "70"]
[EventDate "2019.04.16"]
[EventType "team-tourn"]
[EventCountry "GRE"]
[SourceTitle "playchess.com"]
[Source "ChessBase"]
[SourceQuality "1"]
[WhiteTeam "Russia"]
[BlackTeam "Israel"]
[WhiteTeamCountry "RUS"]
[BlackTeamCountry "ISR"]
[TimeControl "40/5400+30:1800+30"]

1. c4 {[%emt 0:00:00]} Nf6 {[%emt 0:01:18]} 2. Nc3 {[%emt 0:00:00]} e6 {[%emt 0:01:47]} 3. e3 {[%emt 0:02:45]} d5 {[%emt 0:00:43]} 4. Nf3 {[%emt 0:01:27]} c5 {[%emt 0:02:00]} 5. d4 {[%emt 0:03:02]} Nc6 {[%emt 0:00:12]} 6. a3 {[%emt 0:02:48]} a6 {[%emt 0:00:24]} 7. dxc5 {[%emt 0:02:51]} Bxc5 {[%emt 0:00:38]} 8. b4 {[%emt 0:07:20]} Ba7 {[%emt 0:00:20]} 9. Be2 {[%emt 0:10:44]} O-O {[%emt 0:01:40]} 10. O-O {[%emt 0:00:07]} Qe7 {[%emt 0:07:13]} 11. Qc2 {[%emt 0:02:12]} dxc4 {[%emt 0:01:23]} 12. Bxc4 {[%emt 0:00:10]} b5 {[%emt 0:00:19]} 13. Bd3 {[%emt 0:02:40]} Bb7 {[%emt 0:00:52]} 14. Bb2 {[%emt 0:01:26]} Rac8 {[%emt 0:01:49]} 15. Rad1 {[%emt 0:03:26]} Bb8 {[%emt 0:03:23]} 16. Qe2 {[%emt 0:04:35]} Ne5 {[%emt 0:01:38]} 17. Nxe5 {[%emt 0:00:15]} Bxe5 {[%emt 0:00:05]} 18. Nb1 {[%emt 0:01:01]} Qc7 {[%emt 0:10:14]} 19. Bxe5 {[%emt 0:00:11]} Qxe5 {[%emt 0:00:06]} 20. f4 {[%emt 0:01:20]} Qc7 {[%emt 0:03:46]} 21. h3 {[%emt 0:01:00]} e5 {[%emt 0:04:00]} 22. Bf5 {[%emt 0:01:15]} Rce8 {[%emt 0:00:40]} 23. Rc1 {[%emt 0:02:50]} Qb6 {[%emt 0:01:11]} 24. Qf2 {[%emt 0:00:26]} g6 {[%emt 0:06:04]} 25. Bc2 {[%emt 0:01:26]} exf4 {[%emt 0:18:00]} 26. exf4 {[%emt 0:00:09]} Re3 {[%emt 0:00:31]} 27. Nc3 {[%emt 0:14:44]} Qd4 {[%emt 0:01:28]} 28. Bd1 {[%emt 0:10:26]} Rfe8 {[%emt 0:07:10]} 29. Rc2 {[%emt 0:03:31]} Kg7 {[%emt 0:08:03]} 30. Kh2 {[%emt 0:01:04]} Qd3 {[%emt 0:02:49]} 31. Bg4 {[%emt 0:06:05]} h5 {[%emt 0:01:13]} 32. Rd1 {[%emt 0:02:07]} hxg4 {[%emt 0:07:20]} 33. Rxd3 {[%emt 0:00:05]} Rxd3 {[%emt 0:00:01]} 34. Ne2 {[%emt 0:03:14]} gxh3 {[%emt 0:00:56]} 35. gxh3 {[%emt 0:05:03]} Ng4+ {[%emt 0:00:17]} 0-1